| 000 | 01739nam1a2200301 i 4500 | ||
|---|---|---|---|
| 001 | RU\NLR\bibl\1687430 | ||
| 005 | 20260407233944.0 | ||
| 035 | _a(NLR Aleph) 001678585 | ||
| 090 |
_a1086748 _c1086748 |
||
| 100 | _a20101018g20109999k y0rusy50 ca | ||
| 101 | 0 | _arus | |
| 102 | _aRU | ||
| 105 | _a||||z ||||| | ||
| 200 | 1 |
_aАктуальные проблемы управления экономикой региона _eматериалы VII Всероссийской научно-практической конференции, 23 апреля 2010 года _f[редкол.: к.э.н., доц. Е.В. Жгулев (отв. ред.) и др.] |
|
| 210 |
_aСанкт-Петербург _cСПбГИЭУ _d2010 |
||
| 215 | _d20 | ||
| 300 | _aВ надзаг.: Федер. агентство по образованию, Гос. образоват. учреждение высш. проф. образования "С.-Петерб. гос. инж.-экон. ун-т" | ||
| 463 | 0 | _10011682164 | |
| 463 | 0 | _10011660601 | |
| 606 | 1 |
_aРегиональное управление _jСъезды, совещания и т.п. _yРоссийская Федерация _92078905 _3RU\NLR\auth\661254772 |
|
| 686 | _aУ21(2)9(2Р)я431 | ||
| 702 | 1 |
_aЖгулев _bЕ. В. _4340 |
|
| 711 | 1 | 2 |
_a"Актуальные проблемы управления экономикой региона", всероссийская научно-практическая конференция _d7 _f2010 _eСанкт-Петербург _3RU\NLR\AUTH\8810160528 _9816864 |
| 801 | 0 |
_aRU _bNLR _c20101018 _gRCR |
|
| 801 | 1 |
_aRU _bNLR _c20101018 |
|
| 852 |
_aNLR _j2010-3/26001 |
||
| 942 | _cBOOK | ||